000 00433nam a2200193Ia 4500
005 20250423101507.0
008 250422s9999 xx 000 0 und d
020 _a0898151791
050 _aWA 100 .T733/
100 _aTravis, John W.,
245 4 _aThe wellness workbook
250 _a2nd ed.
260 _aBerkeley
260 _bTen Speed Press
260 _c1988
300 _a237 p
650 _aHealth.
942 _cBK
999 _c36446
_d36446